[Event "TCh-HUN 2010-11"]
[Site "Budapest HUN"]
[Date "2011.04.30"]
[Round "11"]
[White "Medvegy,Z"]
[Black "Kaposztas,M"]
[Result "1-0"]
[WhiteElo "2531"]
[BlackElo "2258"]

1.e4 c5 2.Nf3 Nc6 3.Bb5 e6 4.Bxc6 bxc6 5.d3 d5 6.O-O Nf6 7.e5 Nd7 8.Re1 Be7
9.c4 O-O 10.Nc3 Rb8 11.Qe2 Qa5 12.Bd2 Qc7 13.Bg5 Qd8 14.Bxe7 Qxe7 15.Rac1 Ba6
16.b3 Rfe8 17.Qb2 Bb7 18.Qa3 a6 19.Rc2 g5 20.h3 h6 21.Rce2 Rbc8 22.Qc1 Kg7
23.Nh2 Nf8 24.Ng4 Ng6 25.Nf6 Rh8 26.Nh5+ Kh7 27.g3 Rhd8 28.Na4 dxc4 29.dxc4 Rd4
30.Qa3 Rcd8 31.Qxc5 Bc8 32.Nf6+ Kg7 33.Qxe7 Nxe7 34.Ne4 Ng6 35.Nec3 Rd3 36.Re3 Kf8
37.Nc5 Rd2 38.R3e2 Ke8 39.Rxd2 Rxd2 40.N5e4 Rd8 41.Nd6+ Ke7 42.c5 Bd7 43.Kf1 Rb8
44.Re4 a5 45.Ke2 Rb4 46.Kd3 f5 47.exf6+ Kxf6 48.Rxb4 axb4 49.Nce4+  1-0

[Event "8th Balagne Open"]
[Site "Calvi FRA"]
[Date "2011.04.30"]
[Round "7.4"]
[White "Midoux,S"]
[Black "Venkatesh,M"]
[Result "1/2-1/2"]
[WhiteElo "2303"]
[BlackElo "2455"]

1.e4 c5 2.Nf3 Nc6 3.Bb5 d6 4.Bxc6+ bxc6 5.O-O e5 6.c3 Ne7 7.d4 Qc7 8.Na3 Ng6
9.Nc2 cxd4 10.cxd4 Be7 11.Ne3 O-O 12.Qc2 Ba6 13.Re1 Rfc8 14.dxe5 dxe5 15.Bd2 Nf4
16.Nc4 Ng6 17.Rac1 Bc5 18.Be3 Bf8 19.h4 h5 20.Ncd2 Qd7 21.Qc3 f6 22.g3 Kh7
23.Bc5 Qg4 24.Nh2 Qd7 25.Nhf3 Qg4 26.Nh2 Qd7  1/2-1/2

[Event "Karlovy Vary Open"]
[Site "Karlovy Vary CZE"]
[Date "2011.04.30"]
[Round "3.18"]
[White "Kozak,K"]
[Black "Stuska,Premysl1"]
[Result "1-0"]
[WhiteElo "1900"]
[BlackElo "1746"]

1.e4 c5 2.Nf3 Nc6 3.Bb5 a6 4.Bxc6 bxc6 5.c3 d5 6.exd5 cxd5 7.d4 e6 8.Be3 c4
9.O-O Bd6 10.Nbd2 Ne7 11.Ne5 O-O 12.f4 Nf5 13.Qe2 Qc7 14.g3 Nxe3 15.Qxe3 f6
16.Nef3 Bd7 17.Rfe1 Rae8 18.Nf1 Re7 19.Qd2 Qb6 20.Kg2 Be8 21.Nh4 Bf7 22.Ne3 Rb8
23.Re2 Reb7 24.Qe1 Qd8 25.Qf2 g5 26.fxg5 fxg5 27.Nf3 Bg6 28.Kg1 Rf7 29.Ng4 Kg7
30.Qe3 Bd3 31.Nxg5 Re7 32.Nxe6+ Rxe6 33.Qxe6 Bxe2 34.Qxe2 Qg5 35.Rf1 Rb7
36.Nf6 Be7 37.Nh5+ Kh6 38.Nf4 Bf6 39.Rf2 Re7 40.Qf3 Rd7 41.Nxd5 Bxd4 42.cxd4  1-0

[Event "Karlovy Vary Open"]
[Site "Karlovy Vary CZE"]
[Date "2011.04.30"]
[Round "4.4"]
[White "Chudinovskikh,A"]
[Black "Maglia,P"]
[Result "1-0"]
[WhiteElo "2292"]
[BlackElo "2069"]

1.e4 c5 2.Nf3 Nc6 3.Bb5 Qc7 4.O-O e6 5.c3 a6 6.Bxc6 Qxc6 7.Re1 Be7 8.d4 cxd4
9.cxd4 d6 10.Bg5 h6 11.Bxe7 Nxe7 12.Nc3 O-O 13.Rc1 Qe8 14.e5 dxe5 15.dxe5 Bd7
16.Ne4 Bc6 17.Nh4 Bxe4 18.Rxe4 Nc6 19.Qg4 Qe7 20.h3 Kh7 21.Rc3 Rg8 22.Rg3 Rad8
23.Nf3 Rd1+ 24.Kh2 Rd5 25.h4 g6 26.Qf4 Rg7 27.Kh3 Qd8 28.Nh2 h5 29.Nf3 Ne7
30.Ng5+ Kg8 31.Qf6 Qe8 32.Rc3 Rd8 33.Rec4 Nc6 34.Ne4 Rc8 35.Nd6 Qd7 36.Nxc8 Qxc8
37.Rd3 Qc7 38.f4 Kh7 39.Rc2 Qb6 40.a3 Qg1 41.Rcd2 Qh1+ 42.Kg3 Qe1+ 43.Kh2 Qe4
44.Rd7 Kg8 45.Rxb7  1-0

[Event "2nd Lille Open"]
[Site "Lille FRA"]
[Date "2011.04.30"]
[Round "8.12"]
[White "Crut,A"]
[Black "Abergel,T"]
[Result "1-0"]
[WhiteElo "2320"]
[BlackElo "2520"]

1.e4 c5 2.Nf3 Nc6 3.Bb5 e6 4.O-O Nge7 5.c3 a6 6.Be2 d5 7.exd5 Nxd5 8.d4 Be7
9.c4 Nf6 10.dxc5 Qxd1 11.Rxd1 Ne4 12.Be3 Bxc5 13.Nbd2 Bxe3 14.Nxe4 Bf4 15.g3 Bc7
16.Nd6+ Ke7 17.c5 Rd8 18.Nxc8+ Raxc8 19.Rxd8 Rxd8 20.Rd1 Rxd1+ 21.Bxd1 Be5
22.Nxe5 Nxe5 23.Be2 Kd7 24.f4 Nc6 25.Kf2 Nb4 26.a3 Nd5 27.b4 Kc6 28.f5 a5
29.fxe6 fxe6 30.bxa5 Kxc5 31.a6 bxa6 32.Bxa6 Kd4 33.a4 Nc3 34.a5 Ne4+ 35.Ke2 Nc3+
36.Kf2 Ne4+ 37.Ke2 Nc3+ 38.Kf3 e5 39.Bf1 e4+ 40.Kf2 e3+ 41.Kf3 Nd5 42.a6 Kc5
43.h4 Kb6 44.Bd3 Ka7 45.g4 h6 46.h5 Kb6 47.Bc4 Nf6 48.Be2 Nd5 49.Ke4 Kc5
50.a7 Nc7 51.Kxe3 Kb6 52.Ke4 Kxa7 53.Kf5 Kb6 54.Kg6 Ne8 55.Kf7  1-0

[Event "43rd TCh-ITA 2011"]
[Site "Spoleto ITA"]
[Date "2011.04.30"]
[Round "5"]
[White "Lucaroni,M"]
[Black "Bonafede,A"]
[Result "1-0"]
[WhiteElo "2262"]
[BlackElo "2389"]

1.e4 c5 2.Nf3 Nc6 3.Bb5 e5 4.Bxc6 dxc6 5.d3 Bg4 6.h3 Bxf3 7.Qxf3 g6 8.O-O Bg7
9.Be3 Qe7 10.Nd2 Nf6 11.Bg5 Qe6 12.Bxf6 Bxf6 13.Qe3 Qe7 14.a4 Bg5 15.Qe1 Bxd2
16.Qxd2 O-O 17.b3 Qd6 18.a5 Rad8 19.Ra4 Rd7 20.Qc3 Rb8 21.Rfa1 h5 22.Rc4 b6
23.axb6 axb6 24.Ra6 Kf8 25.Rca4 Rdb7 26.Ra7 Qc7 27.Qa1 Ke7 28.g3 Ke6 29.Kg2 Ke7
30.Rxb7 Rxb7 31.Ra8 Qd6 32.f4 exf4 33.Qh8 f3+ 34.Kh2 Ke6 35.e5 Qd7 36.Qf6+ Kd5
37.Rd8 Qxd8 38.Qxd8+ Kxe5 39.Kg1  1-0

[Event "43rd TCh-ITA 2011"]
[Site "Spoleto ITA"]
[Date "2011.04.30"]
[Round "5"]
[White "Ferro,Ma"]
[Black "Bontempi,P"]
[Result "1-0"]
[WhiteElo "2242"]
[BlackElo "2351"]

1.e4 c5 2.Nf3 Nc6 3.Bb5 d6 4.O-O Bd7 5.Re1 Nf6 6.c3 a6 7.Bf1 Bg4 8.d3 e6
9.h3 Bh5 10.Bg5 Be7 11.Nbd2 O-O 12.Qb3 d5 13.e5 Nd7 14.Qxb7 Ncxe5 15.Bxe7 Nxf3+
16.Nxf3 Qxe7 17.Ne5 Rfd8 18.Nc6 Qd6 19.Nxd8 Rxd8 20.Qb3 e5 21.Qa3 Rb8 22.d4 Rb6
23.dxe5 Nxe5 24.Bxa6 f5 25.f4 Nf3+ 26.gxf3 Rxa6 27.Qb3 Bxf3 28.Kf2 Be4 29.Ke3 g5
30.Rf1 Rb6 31.Qa4 Kf7 32.b3 Ra6 33.Qb5 d4+ 34.Ke2  1-0

[Event "TCh-ESP Selecciones Autonomicas"]
[Site "Gijon ESP"]
[Date "2011.05.01"]
[Round "4.6"]
[White "Gomez Dieguez,D"]
[Black "Martinez Gonzalez,M"]
[Result "1-0"]
[WhiteElo "1976"]
[BlackElo "1955"]

1.e4 c5 2.Nf3 Nc6 3.Bb5 Qc7 4.Nc3 e6 5.Bxc6 dxc6 6.e5 Ne7 7.O-O Ng6 8.Re1 Be7
9.g3 h5 10.h4 b6 11.Qe2 Bb7 12.b3 c4 13.Bb2 c5 14.bxc4 O-O-O 15.Nb5 Qb8 16.d3 Ba8
17.Nd2 a6 18.Nc3 Qb7 19.f3 Kb8 20.a4 Bxh4 21.gxh4 Nxh4 22.Kf2 g5 23.Rg1 g4
24.Nce4 Nf5 25.fxg4 hxg4 26.Qxg4 Rh2+ 27.Rg2 Rdh8 28.Rg1 R2h4 29.Qf3 Rh3
30.Rg8+ Ka7 31.Rxh8 Rxh8 32.Rh1 Rg8 33.Nf6 Qxf3+ 34.Nxf3 Rg3 35.Ne4 Rg8 36.Nf6 Rg2+
37.Kxg2  1-0

[Event "7th WSCC U17 Open"]
[Site "Krakow POL"]
[Date "2011.05.01"]
[Round "2.4"]
[White "Lewicki,Mir"]
[Black "Jaskolka,T"]
[Result "1/2-1/2"]
[WhiteElo "2138"]
[BlackElo "1954"]

1.e4 c5 2.Nf3 Nc6 3.Bb5 g6 4.O-O Nf6 5.Re1 d5 6.e5 Ne4 7.Nc3 Nxc3 8.bxc3 Bf5
9.e6 fxe6 10.Ne5 a6 11.Bf1 Rc8 12.f3 Qc7 13.g4 Qb6 14.Kg2 Qb4 15.gxf5 exf5
16.Rb1 f4 17.h4 h5 18.d4 Nxe5 19.dxe5 Rh7 20.Ra1 Rh6 21.a3 Rh8  1/2-1/2

[Event "43rd TCh-ITA 2011"]
[Site "Spoleto ITA"]
[Date "2011.05.01"]
[Round "7"]
[White "Sutovsky,E"]
[Black "Macieja,B"]
[Result "0-1"]
[WhiteElo "2692"]
[BlackElo "2619"]

1.e4 c5 2.Nf3 Nc6 3.Bb5 d6 4.O-O Bd7 5.c3 Nf6 6.Re1 a6 7.Ba4 b5 8.Bc2 Bg4
9.a4 Rb8 10.axb5 axb5 11.d4 cxd4 12.cxd4 e5 13.Be3 exd4 14.Bxd4 Bxf3 15.gxf3 Be7
16.Nc3 O-O 17.Bb3 Nd7 18.f4 Nc5 19.Bd5 Nxd4 20.Qxd4 Ne6 21.Qd2 b4 22.Ne2 Bf6
23.Ra6 Rb6 24.Rea1 Qc7 25.Ra7 Qc8 26.f5 Nc5 27.Nf4 Rb8 28.Nh5 Qd8 29.Kh1 b3
30.Rg1 Kh8 31.f3 Be5 32.f4 Bf6 33.Qg2 Nd3 34.Qg3 Qb6 35.Nxf6 Nf2+ 36.Kg2 gxf6
37.Qxf2 Rg8+ 38.Kf1 Qb5+ 39.Ke1 Rgc8 40.Qe3 Rc2 41.Bxf7 Rxb2 42.Bh5 Qb4+
43.Kf1 Rxh2 44.Bd1 b2 45.Qg3 Qc4+ 46.Ke1 Re2+ 47.Bxe2 b1=Q+ 48.Bd1 Qxd1+
49.Kxd1 Rb1+ 50.Kd2 Rb2+  0-1

[Event "43rd TCh-ITA 2011"]
[Site "Spoleto ITA"]
[Date "2011.05.01"]
[Round "7"]
[White "Borgo,G"]
[Black "Braga,F"]
[Result "1/2-1/2"]
[WhiteElo "2401"]
[BlackElo "2447"]

1.e4 c5 2.Nf3 Nc6 3.Bb5 g6 4.O-O Bg7 5.Re1 e5 6.Bxc6 dxc6 7.d3 Qe7 8.Be3 Nf6
9.h3 Nd7 10.Nbd2 Nf8 11.a3  1/2-1/2

[Event "Sydney International Open"]
[Site "Sydney AUS"]
[Date "2011.05.01"]
[Round "9"]
[White "Bojkov,D"]
[Black "Brown,An"]
[Result "1-0"]
[WhiteElo "2523"]
[BlackElo "2275"]

1.e4 c5 2.Nf3 Nc6 3.Bb5 g6 4.Bxc6 dxc6 5.d3 Bg7 6.h3 Nf6 7.Nc3 Nd7 8.Be3 e5
9.Qd2 O-O 10.Bh6 f6 11.Nh2 Re8 12.Bxg7 Kxg7 13.O-O-O Nf8 14.g3 Ne6 15.Ng4 Nd4
16.Qh6+ Kg8 17.f4 Bxg4 18.hxg4 Qc7 19.Rd2 Qg7 20.Qh3 Rad8 21.Nd1 Rd7 22.Ne3 Red8
23.Kb1 exf4 24.gxf4 b5 25.g5 fxg5 26.fxg5 Qe7 27.Ng4 Qxg5 28.Rf2 Qe7 29.Nf6+ Kh8
30.Qg4 Rc7 31.c3 Ne6 32.Rxh7+  1-0

[Event "Ostravsky Konik A"]
[Site "Ostrava CZE"]
[Date "2011.05.03"]
[Round "4.43"]
[White "Dvorak,V"]
[Black "Maltsev,L"]
[Result "1-0"]
[WhiteElo "1996"]
[BlackElo "1874"]

1.e4 c5 2.Nf3 Nc6 3.Bb5 g6 4.O-O Bg7 5.Nc3 e5 6.d3 d6 7.Bg5 Nf6 8.Nd5 O-O
9.Qd2 Be6 10.c4 a6 11.Ba4 Bxd5 12.cxd5 Ne7 13.h3 b5 14.Bd1 Nd7 15.Bh6 Kh8
16.g3 Bxh6 17.Qxh6 Ng8 18.Qe3 Kg7 19.h4 h6 20.h5 f5 21.Nh4 f4 22.Qf3 Ne7
23.hxg6 fxg3 24.Qxg3 Rf6 25.Bh5 Rf4 26.Ng2 Rf6 27.f4 Qf8 28.f5 Qd8 29.Ne3 Ng8
30.Kg2 c4 31.dxc4 Nc5 32.Bf3 Nd3 33.b3 Nf4+ 34.Kh2 Rf8 35.Ng2 Nxg2 36.Kxg2 bxc4
37.bxc4 Qc7 38.Be2 Nf6 39.Qe3 Qa7 40.Qxa7+ Rxa7 41.Bd3 Nh5 42.Rab1 Nf4+ 43.Rxf4 exf4
44.Kf3 h5 45.Kxf4 h4 46.c5 dxc5 47.e5 c4 48.Bxc4 h3 49.Kg5 Rxf5+ 50.Kxf5 h2
51.d6  1-0

[Event "ch-UKR semi-final"]
[Site "Alushta UKR"]
[Date "2011.05.04"]
[Round "2.46"]
[White "Kabachienko,A"]
[Black "Mazurchak,B"]
[Result "0-1"]
[WhiteElo "2078"]
[BlackElo "2224"]

1.e4 c5 2.Nf3 Nc6 3.Bb5 g6 4.O-O Bg7 5.c3 e5 6.d4 exd4 7.e5 Nge7 8.cxd4 cxd4
9.Bf4 O-O 10.Nbd2 a6 11.Bd3 d6 12.exd6 Nd5 13.Bg3 Kh8 14.Qb3 Be6 15.Bc4 Na5
16.Qa3 Rc8 17.Bxd5 Bxd5 18.Rac1 Nc4 19.Nxc4 Bxc4 20.Rfe1 Be6 21.Rc7 Rxc7
22.dxc7 Qd5 23.Nxd4 Bc8 24.Nf3 h6 25.Be5 Kh7 26.Bxg7 Kxg7 27.Qc3+ Kg8 28.b3 Be6
29.Nd4 Bd7 30.h3 Rc8 31.Nf3 Qd6 32.Rc1 Bc6 33.Qe5  0-1

[Event "ch-UKR semi-final"]
[Site "Alushta UKR"]
[Date "2011.05.04"]
[Round "2.66"]
[White "Kazakov,Maksym"]
[Black "Gavrish,L"]
[Result "1/2-1/2"]
[WhiteElo "1931"]
[BlackElo "2127"]

1.e4 c5 2.Nf3 Nc6 3.Bb5 Nf6 4.Nc3 Nd4 5.e5 Nxb5 6.Nxb5 Nd5 7.Ng5 e6 8.Ne4 Nb4
9.a3 Nc6 10.Nbd6+ Bxd6 11.Nxd6+ Ke7 12.Qh5 Qf8 13.d4 Nxd4 14.c3 Nc2+ 15.Kd1 Nxa1
16.Bg5+ f6 17.Re1 h6 18.Bf4 g5 19.exf6+ Qxf6 20.Be5 Qxf2 21.Re2 Qf1+ 22.Kd2 Rf8
23.Qxh6 Nb3+ 24.Ke3 Qc1+ 25.Kd3 Qd1+ 26.Ke3 Qc1+ 27.Kd3 Qd1+ 28.Ke3 Qc1+  1/2-1/2

[Event "ch-UKR semi-final"]
[Site "Alushta UKR"]
[Date "2011.05.04"]
[Round "2.52"]
[White "Mamonova,Y"]
[Black "Sergienko,Vladislav"]
[Result "1/2-1/2"]
[WhiteElo "2022"]
[BlackElo "2200"]

1.e4 c5 2.Nf3 Nc6 3.Bb5 g6 4.Bxc6 dxc6 5.h3 Bg7 6.O-O Nf6 7.Qe2 O-O 8.d3 Ne8
9.Nc3 e5 10.Be3 b6 11.Qd2 Nc7 12.Bh6 f6 13.Bxg7 Kxg7 14.b3 Ne6 15.Ne2 Ba6
16.Rad1 Qc7 17.Nh2 Rad8 18.f4 exf4 19.Nxf4 Bc8 20.Nxe6+ Bxe6 21.Qc3 Qd6 22.Nf3 Kg8
23.Qe1 f5 24.e5 Qe7 25.Qe3 Rfe8 26.Rde1 Kg7 27.a4 Bd5 28.Nd2 Qh4 29.c4 Be6
30.Nf3 Qg3 31.Kh1 h6 32.a5 g5 33.axb6 axb6 34.Re2 Rd7 35.Rd1 g4 36.Nd4 Qxe3
37.Nxe6+ Rxe6 38.Rxe3 h5 39.Rf1 Kg6 40.g3 Ra7 41.Re2 Ra3 42.Rb1 Re7 43.Kg2 Rea7
44.hxg4 hxg4 45.Kf2 Ra2 46.Rbb2 Rxb2 47.Rxb2 Rh7 48.Kg2 Re7 49.Ra2 Rxe5 50.Kf2 Re7
51.Ra6 Rb7 52.Ra8 b5 53.Ra6 bxc4 54.Rxc6+ Kg5 55.bxc4 Rb2+ 56.Kg1 Rb1+ 57.Kf2 Rb2+
58.Kg1 Rb1+ 59.Kf2 Rb2+  1/2-1/2

[Event "29th Metz Open A"]
[Site "Longeville-les-Metz FRA"]
[Date "2011.05.04"]
[Round "4.12"]
[White "Aguettaz,M"]
[Black "Grosdemange,D"]
[Result "1-0"]
[WhiteElo "2417"]
[BlackElo "2037"]

1.Nf3 c5 2.e4 Nc6 3.Bb5 g6 4.O-O Nf6 5.Bxc6 bxc6 6.e5 Nd5 7.c4 Nc7 8.d4 cxd4
9.Qxd4 Bg7 10.Qh4 O-O 11.Bh6 Ne6 12.Nc3 d5 13.Rfd1 Bb7 14.Rd2 Bxh6 15.Qxh6 Qb6
16.Rad1 Rad8 17.cxd5 cxd5 18.Nd4 f6 19.Na4 Qa6 20.Nxe6 Qxe6 21.Nc5 Qb6 22.exf6 exf6
23.Nb3 Rde8 24.Nd4 Re4 25.f3 Re7 26.Qh4 Rfe8 27.Qf2 Kg7 28.h3 Re5 29.Rc1 R8e7
30.b3 Kf7 31.Rcd1 h5 32.Nc2 Re2 33.Qxb6 axb6 34.Nd4 Rxd2 35.Rxd2 Ke8 36.Kf2 Kd7
37.h4 Re8 38.Rc2 Rc8 39.Rxc8 Bxc8 40.f4 Kd6 41.b4 Bd7 42.Ke3 Bg4 43.f5 gxf5
44.Kf4 Kc7 45.a4 Bd1 46.a5 bxa5 47.bxa5 Bg4 48.Nxf5 Kb7 49.Ne7 Be6 50.Ke3 Ka6
51.Kd4 Kxa5 52.Nxd5 Bf7 53.Nxf6 Kb6 54.Ke5 Kc6 55.g3 Kc7 56.Kf5 Kd6 57.Kg5 Ke7
58.Nxh5 Kf8 59.g4 Be6 60.Nf4 Bd7 61.h5 Kg7 62.Ng6 Be8 63.Nh4 Ba4 64.Nf5+ Kh7
65.Kf4 Bd1 66.Ng3 Kh6 67.g5+ Kh7 68.Kf5 Kg7 69.h6+ Kh7 70.Kf6 Bc2 71.Nf5 Bb3
72.g6+ Kh8 73.Nd6  1-0

[Event "Victory Day GM"]
[Site "Moscow RUS"]
[Date "2011.05.04"]
[Round "6"]
[White "Chernobay,A"]
[Black "Arustamian,A"]
[Result "1/2-1/2"]
[WhiteElo "2486"]
[BlackElo "2404"]

1.e4 c5 2.Nf3 Nc6 3.Bb5 d6 4.O-O Bd7 5.c3 Nf6 6.Re1 a6 7.Ba4 b5 8.Bc2 e5
9.d4 Be7 10.d5 Na5 11.b3 Nb7 12.Nbd2 Qb8 13.h3 a5 14.a4 O-O 15.axb5 Bxb5
16.c4 Bd7 17.Nf1 Ne8 18.Ne3 g6 19.Nh2 Ng7 20.Bd2 Qd8 21.Bc3 Bg5 22.Ra2 Nh5
23.Nf3 Bh6 24.Ng4 Bg7 25.Bd2 Kh8 26.Nfh2 Nf4 27.Nf3 h5 28.Ne3 Bh6 29.Kh2 Kg7
30.Ng1 h4 31.Ng4 Bg5 32.Bc3 Qe7 33.Ne3 Nh5 34.Nf5+ gxf5 35.Qxh5 Rh8 36.Qf3 fxe4
37.Qxe4 f5 38.Qd3 Qf7 39.Ne2 Bf6 40.Qf3 Qh5 41.Qxh5 Rxh5 42.Nf4 Rhh8 43.Bd1 Kf7  1/2-1/2

[Event "13th Salou Open"]
[Site "Salou ESP"]
[Date "2011.05.04"]
[Round "1"]
[White "Fedorchuk,S"]
[Black "Saez Gabikagogeaskoa,O"]
[Result "1-0"]
[WhiteElo "2654"]
[BlackElo "1968"]

1.e4 c5 2.Nf3 Nc6 3.Bb5 g6 4.Bxc6 dxc6 5.d3 Bg7 6.h3 Nf6 7.Nbd2 O-O 8.Nc4 b5
9.Nce5 Qb6 10.Be3 Nd7 11.Nxd7 Bxd7 12.Qc1 Qa5+ 13.Bd2 b4 14.Bh6 Qc7 15.Bxg7 Kxg7
16.Qe3 Qd6 17.e5 Qd5 18.O-O c4 19.dxc4 Qxc4 20.Rfd1 Be6 21.Rd4 Qc5 22.Qd2 a5
23.Re1 Bd5 24.Nh2 h5 25.Nf1 e6 26.c4 bxc3 27.bxc3 Qe7 28.c4 c5 29.Rf4 Bc6
30.Rf6 Rad8 31.Qg5 Rd4 32.Rxg6+  1-0

[Event "ch-UKR semi-final"]
[Site "Alushta UKR"]
[Date "2011.05.05"]
[Round "3.11"]
[White "Dolzhikova,K"]
[Black "Neverov,V"]
[Result "0-1"]
[WhiteElo "2279"]
[BlackElo "2487"]

1.e4 c5 2.Nf3 Nc6 3.Bb5 e6 4.Bxc6 bxc6 5.d3 Ne7 6.Qe2 Ng6 7.h4 Qc7 8.h5 Nf4
9.Qd2 e5 10.Qc3 Nxg2+ 11.Kf1 Nf4 12.Bxf4 exf4 13.h6 Rg8 14.hxg7 Bxg7 15.e5 d6
16.Nbd2 dxe5 17.Re1 Be6 18.Rxh7 O-O-O 19.Qxc5 Bd5 20.Qa3 f6 21.c4 Be6 22.Ne4 Rh8
23.Rxh8 Rxh8 24.Qd6 Bg4 25.Qxc7+ Kxc7 26.Kg2 Rd8 27.Rd1 f5 28.Nc5 e4 29.Ne6+ Kc8
30.dxe4 Rxd1 31.Nxg7 fxe4 32.Ne5 e3  0-1

[Event "ch-UKR semi-final"]
[Site "Alushta UKR"]
[Date "2011.05.05"]
[Round "3.2"]
[White "Kuzubov,Y"]
[Black "Biriukov,N"]
[Result "0-1"]
[WhiteElo "2639"]
[BlackElo "2426"]

1.e4 c5 2.Nf3 Nc6 3.Bb5 e6 4.Bxc6 bxc6 5.d3 Ne7 6.e5 Ng6 7.h4 Qc7 8.Qe2 f6
9.exf6 gxf6 10.h5 Nf4 11.Bxf4 Qxf4 12.Nbd2 d5 13.O-O-O Qa4 14.Kb1 Rb8 15.c4 Rg8
16.g3 Qb4 17.Nb3 a5 18.Rh4 a4 19.cxd5 Qb5 20.dxe6 axb3 21.a4 Qa6 22.Nd2 Rb4
23.Rxb4 cxb4 24.Nc4 Qxa4 25.Qe4 Rg7 26.Re1 Re7 27.Qg4 Qa7 28.Re2 Qc5 29.Re4 Qxf2
30.Nd6+ Kd8 31.Qd1 Qc2+  0-1

[Event "ch-UKR semi-final"]
[Site "Alushta UKR"]
[Date "2011.05.05"]
[Round "3.33"]
[White "Klementev,O"]
[Black "Shalimov,V UKR"]
[Result "1-0"]
[WhiteElo "2111"]
[BlackElo "2387"]

1.e4 c5 2.Nf3 Nc6 3.Bb5 d6 4.d4 cxd4 5.Qxd4 Bd7 6.Bxc6 bxc6 7.c4 c5 8.Qd3 g6
9.Bd2 Bg7 10.Bc3 f6 11.h4 Nh6 12.h5 Nf7 13.hxg6 hxg6 14.Rxh8+ Nxh8 15.Nbd2 Bc6
16.Nf1 Qd7 17.Ne3 O-O-O 18.Nd2 Bh6 19.Nd5 Nf7 20.f3 Ne5 21.Qe2 e6 22.Ne3 f5
23.exf5 exf5 24.O-O-O Re8 25.Nd5 Bxd5 26.cxd5 Qa4 27.b3 Nf7 28.Qd3 Qd7 29.Kc2 Bxd2
30.Rxd2 Qb7 31.f4 Re4 32.Qg3 Qe7 33.Qxg6 Rxf4 34.Bf6 Qd7 35.Qg8+ Kb7 36.Re2 Re4
37.Rxe4 fxe4 38.Qg6 Qe8 39.Kd2 e3+ 40.Ke2 Kc7 41.g4 a6 42.g5 Kb6 43.Qf5 Qb5+
44.Kxe3 Qb4 45.Qe6 Qe1+ 46.Kf3 Qd1+ 47.Kf4 Qd2+ 48.Kf5 Qc2+ 49.Qe4 Qxa2 50.Ke6 Nxg5+
51.Bxg5 Qxb3 52.Kxd6 c4 53.Qe3+ Kb5 54.Qxb3+ cxb3 55.Bc1  1-0

[Event "29th Metz Open A"]
[Site "Longeville-les-Metz FRA"]
[Date "2011.05.05"]
[Round "5.19"]
[White "Colson,A"]
[Black "Achereiner,G"]
[Result "1/2-1/2"]
[WhiteElo "2157"]
[BlackElo "2044"]

1.e4 c5 2.Nf3 Nc6 3.Bb5 g6 4.Bxc6 dxc6 5.O-O Bg7 6.d3 Nf6 7.h3 O-O 8.Nc3 Nd7
9.Be3 e5 10.Qd2 Qe7 11.Nh2 Re8 12.f4 exf4 13.Bxf4 Ne5 14.Nf3 Nxf3+ 15.Rxf3 Be6
16.Raf1 Qd7 17.Kh1 c4 18.e5 cxd3 19.Rxd3 Qc7 20.Ne4 Red8 21.Nd6 Rd7 22.Rd1 Rf8
23.b3 c5 24.c4 Qc6 25.Qe3 a6 26.Kh2 b5 27.Bh6 Bxh6 28.Qxh6 f5 29.exf6 Rxf6
30.Qh4 Rf8 31.Qg3 bxc4 32.bxc4 Rfd8 33.h4  1/2-1/2

[Event "ch-UKR semi-final"]
[Site "Alushta UKR"]
[Date "2011.05.06"]
[Round "4.4"]
[White "Kryvoruchko,Y"]
[Black "Matjushin,G"]
[Result "1-0"]
[WhiteElo "2640"]
[BlackElo "2477"]

1.e4 c5 2.Nf3 Nc6 3.Bb5 g6 4.Bxc6 dxc6 5.d3 Bg4 6.Nbd2 Bg7 7.h3 Bxf3 8.Nxf3 Nf6
9.O-O O-O 10.Be3 b6 11.Qd2 Ne8 12.c3 e5 13.b4 cxb4 14.cxb4 Qd7 15.Rfd1 Nc7
16.Rac1 Ne6 17.Qc3 Qd6 18.Qxc6 Qxb4 19.Rc4 Qe7 20.Qb5 Nc7 21.Qb3 Ne6 22.Rdc1 Qd7
23.Qc3 Rfe8 24.Ng5 Rad8 25.Nxe6 Qxe6 26.Qa3 Rd7 27.Rc7 Rxc7 28.Rxc7 a5 29.Rb7 Bf8
30.Qa4 Bc5 31.Bxc5 bxc5 32.Rb6 Qxb6 33.Qxe8+ Kg7 34.Qxe5+ Kg8 35.Kh2 Qb1
36.Qd5 Qc2 37.Kg3 Kg7 38.Qc4 Qd2 39.a4 Qg5+ 40.Kh2 Qf4+ 41.Kg1 Qd2 42.g3 Qd1+
43.Kg2 Qa1 44.Qxc5 Qxa4 45.Qe5+ Kg8 46.d4 Qa1 47.Qe8+ Kg7 48.d5 Qd4 49.Qe7 a4
50.d6 a3 51.d7 a2 52.d8=Q Qxd8 53.Qxd8 a1=Q 54.Qd6 Qc3 55.g4 h6 56.h4 g5
57.h5 Qc2 58.Qe5+ Kg8 59.Qf5 Qe2 60.Qf3 Qe1 61.Qf5 Qe2 62.e5 Qc4 63.Qf3 Qd4
64.Qf5 Qd5+ 65.Kh2 Kg7 66.Kg3 Qh1 67.e6 Qg1+ 68.Kf3 Qd1+ 69.Kg2 Qd4  1-0

[Event "7th WSCC U17 Open"]
[Site "Krakow POL"]
[Date "2011.05.06"]
[Round "7.9"]
[White "Maksimenko,Andrei Jr"]
[Black "Jastrzebski,L"]
[Result "1-0"]
[WhiteElo "1820"]
[BlackElo "1636"]

1.e4 c5 2.Nf3 Nc6 3.Bb5 a6 4.Bxc6 bxc6 5.d4 cxd4 6.Nxd4 e6 7.Nc3 g6 8.O-O Bg7
9.Be3 Bb7 10.Nb3 d5 11.Nc5 Rb8 12.exd5 cxd5 13.Bf4 e5 14.Re1 Ne7 15.Nxb7 Rxb7
16.Bxe5 Bxe5 17.Rxe5 Qd6 18.Qxd5 Qxd5 19.Nxd5 f6 20.Rxe7+ Rxe7 21.Nxe7 Kxe7
22.Rd1 Ke6 23.Kf1 a5 24.Ke2 a4 25.Rd4 Rb8 26.b3 axb3 27.cxb3 h5 28.b4 Ra8
29.Rd2 Ke5 30.Kd3 Kd5 31.Kc3+ Ke4 32.b5 f5 33.Kb4 g5 34.b6 f4 35.Kb5  1-0

[Event "ch-UKR semi-final"]
[Site "Alushta UKR"]
[Date "2011.05.07"]
[Round "5.14"]
[White "Dolzhikova,K"]
[Black "Shishkin,Va UKR"]
[Result "1-0"]
[WhiteElo "2279"]
[BlackElo "2474"]

1.e4 c5 2.Nf3 Nc6 3.Bb5 g6 4.Bxc6 bxc6 5.O-O Bg7 6.Re1 Qc7 7.c3 d6 8.h3 f5
9.exf5 Bxf5 10.d4 cxd4 11.Nxd4 e5 12.Qb3 d5 13.c4 Nf6 14.Nc3 Rb8 15.Qa4 Bd7
16.cxd5 cxd5 17.Ne6 Qd6 18.Nxg7+ Kf7 19.Qxa7 Kxg7 20.Bg5 Rhf8 21.Rad1 d4
22.f4 Nh5 23.fxe5 Qc6 24.e6 dxc3 25.exd7  1-0

[Event "ch-UKR semi-final"]
[Site "Alushta UKR"]
[Date "2011.05.07"]
[Round "5.33"]
[White "Skliarov,V"]
[Black "Shalimov,V UKR"]
[Result "1/2-1/2"]
[WhiteElo "2206"]
[BlackElo "2387"]

1.e4 c5 2.Nf3 Nc6 3.Bb5 g6 4.O-O Bg7 5.c3 Nf6 6.e5 Nd5 7.d4 cxd4 8.cxd4 O-O
9.Nc3 Nxc3 10.bxc3 d6 11.exd6 exd6 12.Re1 a6 13.Bd3 Qc7 14.Bf4 h6 15.h4 Bg4
16.Be4 Rfe8 17.Qd2 h5 18.Ng5 Ne7 19.Qb2 Qd7 20.Qxb7 d5 21.Qxd7 Bxd7 22.Bd3 Bf5
23.Bxf5 Nxf5 24.Nf3 Rec8 25.Rec1 Rc6 26.Rab1  1/2-1/2

[Event "ch-Euro Indiv Women"]
[Site "Tbilisi GEO"]
[Date "2011.05.07"]
[Round "1"]
[White "Sedina,E"]
[Black "Guliyeva,S"]
[Result "1/2-1/2"]
[WhiteElo "2351"]
[BlackElo "2040"]

1.e4 c5 2.Nf3 Nc6 3.Bb5 g6 4.O-O Bg7 5.c3 e5 6.d4 cxd4 7.cxd4 exd4 8.Bf4 a6
9.Ba4 b5 10.Bb3 Nge7 11.Bd6 O-O 12.Nbd2 Bb7 13.Rc1 h6 14.e5 Re8 15.Ne4 Nf5
16.Bd5 Na5 17.Bc7 Qe7 18.Nxd4 Nxd4 19.Qxd4 Bxd5 20.Qxd5 Nc4 21.Bd6 Qe6 22.Qxe6 Rxe6
23.f4 f6 24.Rfd1 Rae8 25.Bc7 fxe5 26.fxe5 Bxe5 27.Bxe5 Nxe5 28.Rxd7  1/2-1/2

[Event "TCh-SVK Extraliga 2010-11"]
[Site "Slovakia SVK"]
[Date "2011.05.08"]
[Round "11"]
[White "Lanc,A"]
[Black "Jacko,V2"]
[Result "1-0"]
[WhiteElo "2399"]
[BlackElo "2163"]

1.e4 c5 2.Nf3 Nc6 3.Bb5 g6 4.O-O Bg7 5.Re1 a6 6.Bxc6 dxc6 7.h3 e5 8.d3 Ne7
9.Nc3 h6 10.Na4 b6 11.Be3 a5 12.a3 Rb8 13.Qd2 Be6 14.Rab1 Ba2 15.Rbd1 Be6
16.b4 axb4 17.axb4 cxb4 18.d4 exd4 19.Bxd4 Bxd4 20.Nxd4 c5 21.Nxe6 Qxd2 22.Rxd2 fxe6
23.Rd6 Kf7 24.Nxb6 Rhd8 25.Nd7 Ng8 26.Red1 Ke7 27.e5 c4 28.Nxb8  1-0

[Event "ch-Euro Indiv Women"]
[Site "Tbilisi GEO"]
[Date "2011.05.08"]
[Round "2"]
[White "Ikonomopoulou,M"]
[Black "Jalaghonia,Nino"]
[Result "1-0"]
[WhiteElo "2121"]
[BlackElo "1562"]

1.e4 c5 2.Nf3 Nc6 3.Bb5 d6 4.d4 cxd4 5.Qxd4 Bd7 6.Bxc6 Bxc6 7.Nc3 Nf6 8.Bg5 e5
9.Qd3 h6 10.Bh4 Be7 11.O-O-O g5 12.Bg3 Qb6 13.Nd2 O-O-O 14.Kb1 Kb8 15.Nc4 Qc5
16.Ne3 Rhe8 17.Nf5 Bf8 18.Rhe1 h5 19.h4 g4 20.Qd2 Nh7 21.Re3 Re6 22.Rd3 Nf6
23.f3 Ne8 24.Qg5 Rd7 25.R3d2 Be7 26.Nxe7 Rdxe7 27.Nd5 Bxd5 28.exd5 Rg6 29.Qxh5 gxf3
30.Qxf3  1-0

[Event "ch-UKR semi-final"]
[Site "Alushta UKR"]
[Date "2011.05.09"]
[Round "7.54"]
[White "Dhillon,J"]
[Black "Sergienko,Vladislav"]
[Result "0-1"]
[WhiteElo "2029"]
[BlackElo "2200"]

1.e4 c5 2.Nf3 Nc6 3.Bb5 g6 4.Bxc6 dxc6 5.h3 Bg7 6.d3 Nf6 7.Nc3 O-O 8.Be3 b6
9.Qd2 Re8 10.O-O-O e5 11.Bh6 Ba6 12.Bxg7 Kxg7 13.Rhe1 Qe7 14.Qe3 Rad8 15.Nd2 Nd7
16.g3 Nf8 17.f4 Ne6 18.f5 Nd4 19.g4 b5 20.Ne2 c4 21.dxc4 bxc4 22.c3 Nxe2+
23.Qxe2 Rd3 24.Nf3 f6 25.Rxd3 cxd3 26.Qd2 c5 27.Nh4 g5 28.Ng2 c4 29.Ne3 Qc5
30.Nd1 h6 31.Qf2 Qxf2 32.Nxf2 Rb8 33.Nd1 h5 34.Kd2 hxg4 35.hxg4 Rh8 36.Nf2 Rh2
37.Rf1 Rg2 38.b3 Kf7 39.b4 Bb5 40.Ke1 Bc6 41.Rh1 d2+ 42.Ke2 Ba4 43.Kxd2 Rxf2+
44.Ke3 Rxa2 45.Rh7+ Ke8 46.Rh6 Rc2 47.Rxf6 Rxc3+ 48.Kf2 Rc2+ 49.Ke3 Rc3+
50.Kf2 Rc1 51.Re6+ Kf8 52.Rxe5 c3 53.Rc5 c2 54.Ke2  0-1